[Event "Autunno Scacchistico A"]
[Site "Venezia ITA"]
[Date "2009.11.01"]
[Round "5"]
[White "Tonon, Alessandro"]
[Black "Aleksic, Nenad"]
[Result "1/2-1/2"]
[WhiteElo "2265"]
[BlackElo "2374"]
[PlyCount "94"]
[EventDate "2009.10.30"]

1. d4 Nf6 2. c4 e6 3. Nc3 Bb4 4. Qc2 O-O 5. a3 Bxc3+ 6. Qxc3 b6 7. f3 d6 8. e3
Nbd7 9. Bd3 c5 10. Ne2 Ba6 11. b4 cxd4 12. exd4 Rc8 13. Qb3 Qc7 14. b5 Bb7 15.
Bd2 e5 16. O-O exd4 17. Rac1 Nc5 18. Qb1 d5 19. cxd5 Bxd5 20. Bg5 Qe5 21. Bf4
Qe7 22. Nxd4 Ba2 23. Qc2 Qd7 24. Be5 Nb3 25. Nc6 Nxc1 26. Rxc1 Be6 27. Rd1 Qe8
28. Bd6 h6 29. Ne7+ Qxe7 30. Bxe7 Rxc2 31. Bxc2 Rc8 32. Rd8+ Rxd8 33. Bxd8 Bc4
34. a4 Nd5 35. a5 bxa5 36. Bxa5 Bxb5 37. Bb3 Nb6 38. Kf2 Bd7 39. Bb4 Be6 40.
Bc2 f6 41. g4 Kf7 42. h4 g5 43. hxg5 hxg5 44. Bc5 Bd5 45. Kg3 Nc8 46. f4 gxf4+
47. Kxf4 a5 1/2-1/2

[Event "Autunno Scacchistico A"]
[Site "Venezia ITA"]
[Date "2009.11.01"]
[Round "5"]
[White "Trangoni, Bruno"]
[Black "Vincenzi, Marco"]
[Result "1-0"]
[WhiteElo "2015"]
[BlackElo "2078"]
[PlyCount "67"]
[EventDate "2009.10.30"]

1. Nf3 Nf6 2. d4 c5 3. c3 e6 4. Bf4 Qb6 5. Qb3 Nc6 6. e3 Qxb3 7. axb3 cxd4 8.
exd4 d5 9. Nbd2 Bd7 10. b4 Nh5 11. Be3 Bd6 12. b5 Ne7 13. Ne5 f6 14. Nxd7 Kxd7
15. g3 g6 16. Bg2 Ng7 17. c4 Bb4 18. Ra4 Bxd2+ 19. Kxd2 Kc7 20. Rha1 Kb6 21.
Ra5 a6 22. c5+ Kc7 23. bxa6 Rxa6 24. Rxa6 bxa6 25. Rxa6 Nc6 26. Kc3 g5 27. b4
Rb8 28. Bf1 Nf5 29. b5 Ncxd4 30. Bxd4 e5 31. Ra7+ Kd8 32. Bxe5 fxe5 33. Rxh7
d4+ 34. Kd2 1-0

[Event "Autunno Scacchistico A"]
[Site "Venezia ITA"]
[Date "2009.11.01"]
[Round "5"]
[White "Vuelban, Virgilio"]
[Black "Faccia, Sergio"]
[Result "1-0"]
[WhiteElo "2405"]
[BlackElo "2023"]
[PlyCount "81"]
[EventDate "2009.10.30"]

1. e4 e5 2. Nf3 f5 3. Nxe5 Qf6 4. d4 d6 5. Nc4 fxe4 6. Nc3 Qg6 7. Ne3 Nf6 8.
Be2 Be7 9. Ncd5 Bd8 10. Nf4 Qg5 11. g3 O-O 12. h4 Qa5+ 13. Bd2 Qb6 14. Bc4+ Kh8
15. h5 d5 16. Ng6+ Kg8 17. Nxd5 Nxd5 18. Bxd5+ Be6 19. Bxe6+ Qxe6 20. Nxf8 Kxf8
21. h6 g6 22. Bb4+ Kg8 23. d5 Qf7 24. Qg4 Nd7 25. Qe6 Bg5 26. Bd2 Bf6 27. Qxf7+
Kxf7 28. O-O-O Re8 29. Be3 Ne5 30. d6 cxd6 31. Rxd6 Rc8 32. Kb1 Nc4 33. Rd7+
Ke6 34. Rxb7 a5 35. Rd1 a4 36. a3 Kf5 37. Bd4 Bg5 38. Rxh7 Rb8 39. Ka2 Nd2 40.
g4+ Kxg4 41. Rg1+ 1-0

[Event "Autunno Scacchistico A"]
[Site "Venezia ITA"]
[Date "2009.11.01"]
[Round "5"]
[White "Xia, Jie"]
[Black "Dinter, Brian"]
[Result "1/2-1/2"]
[WhiteElo "2241"]
[BlackElo "2118"]
[PlyCount "55"]
[EventDate "2009.10.30"]

1. e4 c6 2. d4 d5 3. Nc3 g6 4. Nf3 Bg4 5. Be3 Bg7 6. h3 Bxf3 7. Qxf3 e6 8.
O-O-O Nd7 9. g4 Ne7 10. Qg3 Nf6 11. f3 Qa5 12. e5 Nd7 13. Kb1 b5 14. f4 b4 15.
Ne2 c5 16. dxc5 Nxc5 17. Bxc5 Qxc5 18. Nd4 Rb8 19. f5 Nc6 20. Nxc6 Qxc6 21. Bd3
Qc7 22. Rde1 a5 23. h4 a4 24. h5 g5 25. Qe3 h6 26. fxe6 fxe6 27. Bg6+ Ke7 28.
Rhf1 1/2-1/2

[Event "XVII C.to Europeo a squadre (Monaco)"]
[Site "Novi Sad SRB"]
[Date "2009.10.23"]
[Round "2.1"]
[White "Efimov, Igor"]
[Black "Miladinovic, Igor"]
[Result "0-1"]
[WhiteElo "2433"]
[BlackElo "2547"]
[Annotator "MON-SRB2"]
[PlyCount "88"]
[EventDate "2009.10.22"]

1. c4 Nc6 2. g3 e5 3. Bg2 g6 4. Nc3 Bg7 5. d3 d6 6. e3 Nf6 7. Nge2 O-O 8. O-O
Be6 9. Nd5 Qd7 10. Nec3 Ne8 11. f4 Bg4 12. Qa4 Bh3 13. Bd2 Bxg2 14. Kxg2 f5 15.
Rae1 Qf7 16. h3 Nf6 17. b4 a5 18. b5 Nb4 19. Nxb4 axb4 20. Qxb4 Nd7 21. fxe5
Nc5 22. Qb1 dxe5 23. d4 exd4 24. exd4 Rfd8 25. d5 c6 26. Rf3 Bxc3 27. Bxc3 cxd5
28. cxd5 Qxd5 29. Re2 Ne4 30. Be1 Ng5 31. Qb3 Nxf3 32. Qxf3 Qxb5 33. Qf2 Re8
34. Rb2 Qd5+ 35. Kh2 Ra3 36. Bb4 Rae3 37. a3 Qd3 38. Rd2 Qxd2 39. Bxd2 Re2 40.
Kg2 Rxf2+ 41. Kxf2 Re4 42. Kf3 Kf7 43. g4 Ke6 44. Bb4 b5 0-1

[Event "XVII C.to Europeo a squadre (Monaco)"]
[Site "Novi Sad SRB"]
[Date "2009.10.25"]
[Round "4.1"]
[White "Efimov, Igor"]
[Black "Gunnarsson, Jon Viktor"]
[Result "1/2-1/2"]
[WhiteElo "2433"]
[BlackElo "2462"]
[Annotator "MON-ISL"]
[PlyCount "48"]
[EventDate "2009.10.22"]

1. Nf3 c5 2. g3 g6 3. Bg2 Nc6 4. c3 Bg7 5. d4 cxd4 6. cxd4 d5 7. O-O Nf6 8. Ne5
O-O 9. Nc3 e6 10. Nxc6 bxc6 11. Na4 Nd7 12. Bf4 Ba6 13. Qd2 Bb5 14. Nc3 Ba6 15.
Rfc1 Qb6 16. Be3 Rab8 17. b3 Rfc8 18. Rab1 Qb4 19. a3 Qe7 20. Bf4 Ra8 21. e4
Nb6 22. Re1 Bb7 23. a4 Qb4 24. Red1 a5 1/2-1/2

[Event "XVII C.to Europeo a squadre (Monaco)"]
[Site "Novi Sad SRB"]
[Date "2009.10.26"]
[Round "5.1"]
[White "Berend, Fred"]
[Black "Efimov, Igor"]
[Result "1/2-1/2"]
[WhiteElo "2371"]
[BlackElo "2433"]
[Annotator "LUX-MON"]
[PlyCount "136"]
[EventDate "2009.10.22"]

1. e4 c5 2. Nf3 e6 3. Nc3 a6 4. d4 cxd4 5. Nxd4 Bc5 6. Be3 d6 7. Qd2 Nf6 8. Be2
Bb4 9. Bf3 Nbd7 10. Nde2 Ne5 11. b3 O-O 12. a3 Ba5 13. O-O-O Bc7 14. Ng3 Qe7
15. Kb2 Rd8 16. Rhe1 b5 17. Be2 d5 18. exd5 Bb7 19. Bg5 h6 20. Bxf6 Qxf6 21.
Nge4 Qg6 22. f4 Bxd5 23. Nxd5 Rxd5 24. Qe3 Ng4 25. Qg3 Qxe4 26. Bxg4 Qxf4 27.
Qxf4 Bxf4 28. Rxd5 exd5 29. g3 Bg5 30. Bd7 Bf6+ 31. Kc1 Kf8 32. Rd1 d4 33. Kd2
Rd8 34. Bf5 Rd5 35. Rf1 a5 36. g4 b4 37. a4 Re5 38. Bd3 Re3 39. Bc4 Rh3 40. Rf2
Rh4 41. Rf5 Rxh2+ 42. Be2 Bd8 43. Rd5 Ke7 44. Rxd4 Bc7 45. Re4+ Kd6 46. Kd3 g6
47. Kc4 Rf2 48. Bd3 Rg2 49. c3 bxc3 50. Kxc3 Kd5 51. Rd4+ Ke6 52. Re4+ Kf6 53.
b4 axb4+ 54. Kxb4 Kg5 55. Be2 f5 56. gxf5 Kxf5 57. Bd3 Kf6 58. Rc4 Bd6+ 59. Kb5
Rb2+ 60. Kc6 Bb4 61. Kd5 Kg5 62. Rc6 h5 63. Rxg6+ Kf4 64. Rh6 Kg5 65. Rb6 Bc3
66. Rxb2 Bxb2 67. a5 Bc1 68. Kd4 Kf4 1/2-1/2

[Event "XVII C.to Europeo a squadre (Monaco)"]
[Site "Novi Sad SRB"]
[Date "2009.10.27"]
[Round "6.1"]
[White "Efimov, Igor"]
[Black "Morrison, Graham"]
[Result "1-0"]
[WhiteElo "2433"]
[BlackElo "2353"]
[Annotator "MON-SCO"]
[PlyCount "35"]
[EventDate "2009.10.22"]

1. Nf3 Nf6 2. c4 c5 3. Nc3 e6 4. e3 b6 5. d4 cxd4 6. exd4 Bb4 7. Bd3 O-O 8. O-O
d5 9. cxd5 exd5 10. Bg5 Bb7 11. Ne5 Be7 12. Qf3 Nc6 13. Qh3 Nxe5 14. dxe5 Ne4
15. Bxe4 dxe4 16. Rad1 Qe8 17. Bxe7 Qxe7 18. Rd7 1-0

[Event "XVII C.to Europeo a squadre (Monaco)"]
[Site "Novi Sad SRB"]
[Date "2009.10.28"]
[Round "7.1"]
[White "Nyback, Tomi"]
[Black "Efimov, Igor"]
[Result "1-0"]
[WhiteElo "2615"]
[BlackElo "2433"]
[Annotator "FIN-MON"]
[PlyCount "79"]
[EventDate "2009.10.22"]

1. d4 e6 2. c4 c5 3. d5 exd5 4. cxd5 d6 5. Nc3 Be7 6. e4 Bf6 7. f4 Ne7 8. Nf3
Ng6 9. Bd3 O-O 10. O-O Re8 11. Kh1 Na6 12. f5 Ne5 13. Bf4 Nc7 14. Qd2 Nxd3 15.
Qxd3 b5 16. Rfe1 b4 17. Nd1 Ba6 18. Qd2 Nb5 19. Nf2 Nd4 20. Ng4 Bh4 21. Nxh4
Qxh4 22. h3 Qd8 23. Rad1 f6 24. Qf2 b3 25. Qg3 Kh8 26. axb3 Rb8 27. Re3 Rb6 28.
Nf2 Re7 29. b4 Ne2 30. Rxe2 Bxe2 31. Rd2 Bb5 32. bxc5 dxc5 33. e5 fxe5 34. Bg5
h6 35. Bxe7 Qxe7 36. Ne4 Rb8 37. Qg6 Rf8 38. d6 Qh4 39. f6 gxf6 40. d7 1-0

[Event "XVII C.to Europeo a squadre (Monaco)"]
[Site "Novi Sad SRB"]
[Date "2009.10.29"]
[Round "8.1"]
[White "Efimov, Igor"]
[Black "Saiboulatov, Daniyal"]
[Result "1-0"]
[WhiteElo "2433"]
[BlackElo "2395"]
[Annotator "MON-BEL"]
[PlyCount "83"]
[EventDate "2009.10.22"]

1. e4 e6 2. d4 d5 3. Nc3 Bb4 4. e5 c5 5. dxc5 Nc6 6. Qg4 Nge7 7. Bd2 Bxc5 8.
Nf3 O-O 9. Na4 Bb6 10. Nxb6 Qxb6 11. O-O-O f5 12. exf6 Rxf6 13. Qh5 e5 14. Bg5
Rf5 15. Nh4 g6 16. Qh6 Rf7 17. Be3 Qa5 18. a3 Qa4 19. Qg5 d4 20. Bd2 Be6 21.
Nf3 Bf5 22. Ne1 Rc8 23. Kb1 Na5 24. Rc1 Nb3 25. g4 Nxd2+ 26. Qxd2 Bxg4 27. Nd3
Rf5 28. Rg1 Bf3 29. Bh3 e4 30. Bxf5 Nxf5 31. Ne5 Qb5 32. Nxf3 exf3 33. Rge1 Rc6
34. Qd3 Qd5 35. Re4 b5 36. Rce1 Qc4 37. Rf4 Qxd3 38. cxd3 Rc5 39. Rxf3 g5 40.
Rg1 h6 41. Rf4 Kg7 42. h4 1-0

[Event "XVII C.to Europeo a squadre (Monaco)"]
[Site "Novi Sad SRB"]
[Date "2009.10.30"]
[Round "9.1"]
[White "Esen, Baris"]
[Black "Efimov, Igor"]
[Result "1/2-1/2"]
[WhiteElo "2494"]
[BlackElo "2433"]
[Annotator "TUR-MON"]
[PlyCount "71"]
[EventDate "2009.10.22"]

1. d4 Nf6 2. c4 d6 3. Nf3 Nbd7 4. Nc3 e5 5. e4 Be7 6. Be2 O-O 7. O-O c6 8. Re1
a6 9. Bf1 Qc7 10. Bg5 Re8 11. Qc2 h6 12. Bd2 b5 13. a3 Bb7 14. h3 Rac8 15. dxe5
dxe5 16. b4 c5 17. Nd5 Nxd5 18. cxd5 cxb4 19. Qxc7 Rxc7 20. Bxb4 Bxb4 21. axb4
Rec8 22. Nd2 Rc3 23. Reb1 Nb6 24. Nb3 Na4 25. Be2 f5 26. Na5 Ba8 27. exf5 Bxd5
28. Rd1 Be4 29. Bg4 Rf8 30. Re1 Bxf5 31. Rxe5 Bxg4 32. hxg4 Rf4 33. g5 hxg5 34.
Rd1 Rc2 35. Rd7 Rfxf2 36. Rxg5 1/2-1/2

[Event "XVII Weekend Citta' di Firenze A"]
[Site "Firenze ITA"]
[Date "2009.12.06"]
[Round "1"]
[White "Annoni, Riccardo"]
[Black "Bardi, Giuliano"]
[Result "1-0"]
[WhiteElo "2081"]
[BlackElo "1901"]
[PlyCount "41"]
[EventDate "2009.12.06"]

1. d4 g6 2. e4 Bg7 3. Nc3 d6 4. f4 Nf6 5. e5 Nfd7 6. Nf3 c5 7. exd6 exd6 8.
Qe2+ Qe7 9. Nd5 Qxe2+ 10. Bxe2 Kd8 11. Ng5 Rf8 12. f5 gxf5 13. Bf4 Nb6 14. Nxb6
axb6 15. Bxd6 Re8 16. Nxf7+ Kd7 17. Be5 Bf8 18. O-O-O cxd4 19. Rxd4+ Kc6 20.
Nd8+ Kc5 21. b4# 1-0

[Event "XVII Weekend Citta' di Firenze A"]
[Site "Firenze ITA"]
[Date "2009.12.06"]
[Round "1"]
[White "Bini, Alessandro"]
[Black "Bartolini, Tommaso"]
[Result "0-1"]
[WhiteElo "1915"]
[BlackElo "2185"]
[PlyCount "96"]
[EventDate "2009.12.06"]

1. c4 e5 2. Nc3 d6 3. d3 f5 4. e3 Nc6 5. Rb1 Nf6 6. g3 g6 7. Bg2 Bg7 8. Nge2
O-O 9. O-O Ne7 10. d4 c6 11. c5 e4 12. b4 d5 13. a4 g5 14. b5 Qe8 15. a5 Qh5
16. f4 a6 17. bxc6 bxc6 18. fxg5 Qxg5 19. Nf4 Ng6 20. Nce2 Nh5 21. Nxh5 Qxh5
22. Nf4 Nxf4 23. gxf4 Qe8 24. Kh1 Rf6 25. Rg1 Rh6 26. Bd2 Be6 27. Bf1 Bf7 28.
Be2 Kh8 29. Qf1 Bh5 30. Qf2 Bf6 31. Rg2 Bg6 32. Be1 Rh3 33. Qg1 Rf3 34. Rxg6
hxg6 35. Bxf3 exf3 36. Bf2 Bd8 37. Qg3 Qf7 38. Be1 Bf6 39. Qxf3 Re8 40. Bd2 Qh7
41. Rb6 g5 42. Rxc6 g4 43. Qg2 Bh4 44. Rxa6 g3 45. Rb6 Rg8 46. Rb1 gxh2 47.
Qxd5 Qg6 48. Kxh2 Qg3+ 0-1

[Event "XVII Weekend Citta' di Firenze A"]
[Site "Firenze ITA"]
[Date "2009.12.06"]
[Round "1"]
[White "Burgassi, Daniele"]
[Black "Parrini, Daniele"]
[Result "0-1"]
[WhiteElo "1897"]
[BlackElo "2072"]
[PlyCount "90"]
[EventDate "2009.12.06"]

1. e4 c5 2. Nc3 Nc6 3. f4 g6 4. Nf3 Bg7 5. Bc4 e6 6. e5 d5 7. exd6 Qxd6 8. d3
Nge7 9. O-O O-O 10. Ne4 Qd8 11. c3 b6 12. Be3 Bb7 13. Bf2 Na5 14. Bb5 Nd5 15.
Bh4 Qc7 16. Qe1 Qxf4 17. Bg5 Qc7 18. Qh4 f5 19. Ng3 a6 20. Ba4 b5 21. Bc2 Rae8
22. Rae1 e5 23. Nd2 Nb6 24. Nb3 Nxb3 25. Bxb3+ c4 26. dxc4 Nxc4 27. Re2 Kh8 28.
Rd1 e4 29. Bxc4 bxc4 30. Red2 Bc6 31. Rd6 Kg8 32. Ne2 Be5 33. R6d2 f4 34. Nd4
Ba4 35. Re1 e3 36. Rde2 Bd7 37. Rd1 Bc8 38. Nf3 Bg7 39. a3 Bb7 40. Kh1 Be4 41.
Ne1 Bd3 42. Nxd3 cxd3 43. Rxd3 Qc4 44. Rd7 Qxe2 45. Rxg7+ Kxg7 0-1

[Event "XVII Weekend Citta' di Firenze A"]
[Site "Firenze ITA"]
[Date "2009.12.06"]
[Round "1"]
[White "Carboni, Giancarlo"]
[Black "Corso, Roberto"]
[Result "0-1"]
[WhiteElo "1904"]
[BlackElo "2083"]
[PlyCount "90"]
[EventDate "2009.12.06"]

1. c4 c6 2. g3 e5 3. Bg2 Nf6 4. e4 Bc5 5. Ne2 O-O 6. Nbc3 d6 7. d4 exd4 8. Nxd4
Qb6 9. Nce2 Qb4+ 10. Nc3 Qxc4 11. Nde2 Bg4 12. O-O Nbd7 13. h3 Bxe2 14. Qxe2
Qxe2 15. Nxe2 Rfe8 16. Nc3 Ne5 17. Bg5 Nh5 18. Kh2 h6 19. Be3 Bxe3 20. fxe3 Nc4
21. Nd1 Nd2 22. Rf5 g6 23. Rf2 Nxe4 24. Bxe4 Rxe4 25. g4 Ng7 26. Rc1 h5 27. Kg3
Rae8 28. Rc3 hxg4 29. hxg4 f5 30. gxf5 Nxf5+ 31. Kf3 d5 32. Rd3 Kg7 33. a3 g5
34. Ke2 Kg6 35. Kd2 g4 36. Rf4 Rxf4 37. exf4 Re4 38. Rb3 b6 39. Rb4 d4 40. Rc4
c5 41. Nf2 Rxf4 42. Nd3 Rf1 43. Ne5+ Kg5 44. Nxg4 Kxg4 45. a4 Ne3 0-1

[Event "XVII Weekend Citta' di Firenze A"]
[Site "Firenze ITA"]
[Date "2009.12.06"]
[Round "1"]
[White "Chiarion, Elisa"]
[Black "Frugoli, Francesco"]
[Result "0-1"]
[WhiteElo "1908"]
[BlackElo "2173"]
[PlyCount "22"]
[EventDate "2009.12.06"]

1. e4 e5 2. Nf3 Nf6 3. Bc4 Nxe4 4. Qe2 d5 5. Nxe5 Bc5 6. c3 Bxf2+ 7. Kf1 O-O 8.
d3 dxc4 9. Qxe4 Bb6 10. Nxc4 Re8 11. Qf3 Bg4 0-1

[Event "XVII Weekend Citta' di Firenze A"]
[Site "Firenze ITA"]
[Date "2009.12.06"]
[Round "1"]
[White "De Nadai, Daniele"]
[Black "Garofalo, Simone"]
[Result "1/2-1/2"]
[WhiteElo "1883"]
[BlackElo "1996"]
[PlyCount "37"]
[EventDate "2009.12.06"]

1. d4 Nf6 2. Nf3 g6 3. c4 Bg7 4. Nc3 d6 5. e4 O-O 6. h3 e5 7. d5 a5 8. Be3 Na6
9. Bd3 Nh5 10. Qc1 Qe8 11. g4 Nf4 12. Bxf4 exf4 13. Kf1 Nc5 14. Qd2 Bd7 15. Re1
Qe7 16. Bc2 Be5 17. Nxe5 dxe5 18. f3 Rad8 19. Rd1 1/2-1/2

[Event "XVII Weekend Citta' di Firenze A"]
[Site "Firenze ITA"]
[Date "2009.12.06"]
[Round "1"]
[White "Efimov, Igor"]
[Black "Bini, Lorenzo"]
[Result "1-0"]
[WhiteElo "2435"]
[BlackElo "1922"]
[PlyCount "47"]
[EventDate "2009.12.06"]

1. e4 g6 2. d4 Bg7 3. Nc3 d6 4. Bg5 f6 5. Be3 Nh6 6. h4 Ng4 7. h5 Nxe3 8. fxe3
c6 9. Qf3 Qd7 10. O-O-O Qg4 11. Qf2 Bh6 12. Nf3 g5 13. Be2 Qe6 14. d5 Qf7 15.
Nd4 O-O 16. Nf5 Bxf5 17. Qxf5 Rd8 18. e5 fxe5 19. Qh3 Nd7 20. Bg4 Nf8 21. Rhf1
Qg7 22. Be6+ Kh8 23. Rf7 g4 24. Rxg7 1-0

[Event "XVII Weekend Citta' di Firenze A"]
[Site "Firenze ITA"]
[Date "2009.12.06"]
[Round "1"]
[White "Galletti, Armando"]
[Black "Cocuzzi, Edoardo"]
[Result "0-1"]
[WhiteElo "1850"]
[BlackElo "1972"]
[PlyCount "108"]
[EventDate "2009.12.06"]

1. d4 d5 2. c3 e6 3. Nf3 Nf6 4. e3 Nbd7 5. Nbd2 c5 6. Bd3 c4 7. Bc2 b5 8. O-O
Be7 9. Re1 O-O 10. e4 a5 11. a3 Bb7 12. e5 Ne8 13. Nf1 b4 14. cxb4 axb4 15. Re3
b3 16. Bb1 Nc7 17. h4 f5 18. exf6 Bxf6 19. Ng5 Bxg5 20. hxg5 g6 21. Qg4 Bc8 22.
Rxe6 Ne5 23. dxe5 Bxe6 24. Qe2 Qd7 25. Ne3 Nb5 26. Bd2 Nd4 27. Qe1 Nc6 28. Qe2
Nxe5 29. Nxd5 Bxd5 30. Qxe5 Rae8 31. Qd4 Be6 32. Qxd7 Bxd7 33. a4 Re2 34. Bc3
Rfxf2 35. Be4 Rf8 36. Bf3 Re3 37. Rd1 Be6 38. Kf2 Rxc3 39. bxc3 Bg4 40. Ke3
Re8+ 41. Kd2 Bxf3 42. gxf3 Ra8 43. Ra1 Kf7 44. Ke3 Rd8 45. a5 Rd3+ 46. Ke4 Rxc3
47. a6 b2 48. Rb1 Ra3 49. Rxb2 Rxa6 50. Rb7+ Ke6 51. Rb5 Rc6 52. Rb1 c3 53. Rc1
c2 54. f4 Rc8 0-1

[Event "XVII Weekend Citta' di Firenze A"]
[Site "Firenze ITA"]
[Date "2009.12.06"]
[Round "1"]
[White "Madiai, Federico"]
[Black "Fusari, Paolo"]
[Result "1-0"]
[WhiteElo "2112"]
[BlackElo "1905"]
[PlyCount "93"]
[EventDate "2009.12.06"]

1. d4 c5 2. d5 Nf6 3. c4 g6 4. Nc3 d6 5. e4 Bg7 6. Nf3 Nbd7 7. h3 O-O 8. Bd3 a6
9. a4 b6 10. O-O Qc7 11. Re1 Re8 12. Bf1 Bb7 13. Qc2 e6 14. dxe6 fxe6 15. Bf4
e5 16. Be3 Nf8 17. Nd5 Nxd5 18. exd5 Bc8 19. Bd3 Nd7 20. Bg5 Nf6 21. Bxf6 Bxf6
22. Bxg6 Re7 23. Bf5 Rg7 24. Ra3 Kh8 25. Bxc8 Qxc8 26. Nd2 Qc7 27. Qf5 Rf8 28.
Rf3 Rg5 29. Qe6 Qg7 30. g3 Be7 31. Rxf8+ Qxf8 32. Re3 Rg6 33. Qd7 Rf6 34. Ne4
Rf7 35. Rb3 h5 36. Rxb6 Bd8 37. Qxd6 Bxb6 38. Qxb6 h4 39. Qxc5 hxg3 40. Qxf8+
Rxf8 41. fxg3 Rb8 42. d6 Kg7 43. c5 Kf7 44. Ng5+ Ke8 45. c6 Ra8 46. h4 a5 47.
h5 1-0

[Event "XVII Weekend Citta' di Firenze A"]
[Site "Firenze ITA"]
[Date "2009.12.06"]
[Round "1"]
[White "Malescusi, Luciano"]
[Black "Aleksic, Nenad"]
[Result "0-1"]
[WhiteElo "1920"]
[BlackElo "2373"]
[PlyCount "90"]
[EventDate "2009.12.06"]

1. d4 Nf6 2. c4 e6 3. Nc3 Bb4 4. a3 Bxc3+ 5. bxc3 b6 6. f3 Ba6 7. e4 Nc6 8. Bd3
Na5 9. Qe2 d6 10. Rb1 c5 11. d5 e5 12. f4 Nd7 13. Nf3 Qf6 14. fxe5 Nxe5 15.
Nxe5 dxe5 16. Be3 O-O 17. h4 Qd6 18. Rh3 f5 19. exf5 e4 20. Bxe4 Bxc4 21. Qf3
Rae8 22. Kf2 Qe5 23. Bc2 Bxd5 24. Bf4 Bxf3 25. Bxe5 Bg4 26. Rg3 h5 27. Re1 Rf7
28. Rxg4 hxg4 29. Kg3 Nc6 30. Kf4 Rxe5 31. Rxe5 Nxe5 32. Kxe5 Re7+ 33. Kf4 Re1
34. Be4 Ra1 35. Kxg4 Rxa3 36. Bd5+ Kh7 37. Kg5 Rxc3 38. g4 Re3 39. Bf7 Rf3 40.
Bg6+ Kg8 41. Bh5 c4 42. Kg6 c3 43. g5 Rf2 44. Bg4 c2 45. f6 gxf6 0-1

[Event "XVII Weekend Citta' di Firenze A"]
[Site "Firenze ITA"]
[Date "2009.12.06"]
[Round "1"]
[White "Mauro, Alan"]
[Black "Bernardini, Luca"]
[Result "1/2-1/2"]
[WhiteElo "2174"]
[BlackElo "1913"]
[PlyCount "78"]
[EventDate "2009.12.06"]

1. e4 e5 2. Nf3 Nf6 3. Nc3 Bb4 4. Bc4 O-O 5. O-O d6 6. d3 h6 7. Ne2 c6 8. Bb3
Be6 9. Ng3 Re8 10. c3 Ba5 11. Bxe6 Rxe6 12. Nf5 d5 13. Qe2 Nbd7 14. N3h4 Bb6
15. Qf3 dxe4 16. Qg3 Nh5 17. Qg4 Ndf6 18. Nxh6+ Kf8 19. Qg5 gxh6 20. Qxh6+ Ke7
21. dxe4 Qh8 22. Qd2 Ng7 23. Nf5+ Nxf5 24. exf5 Rd6 25. Qe2 Kd7 26. b3 Rg8 27.
Kh1 Ng4 28. h3 Nxf2+ 29. Rxf2 Bxf2 30. Qxf2 Rd1+ 31. Kh2 e4 32. Bf4 Rxa1 33.
Qd2+ Ke8 34. Qd6 Qh4 35. Qb8+ Ke7 36. Qd6+ Ke8 37. Qb8+ Qd8 38. Qe5+ Qe7 39.
Qb8+ Qd8 1/2-1/2

[Event "XVII Weekend Citta' di Firenze A"]
[Site "Firenze ITA"]
[Date "2009.12.06"]
[Round "1"]
[White "Nicosia, Federico"]
[Black "Scali, Fausto"]
[Result "1/2-1/2"]
[WhiteElo "1800"]
[BlackElo "1938"]
[PlyCount "58"]
[EventDate "2009.12.06"]

1. e4 c5 2. Nf3 e6 3. d4 cxd4 4. Nxd4 a6 5. Nc3 Qc7 6. g3 Nf6 7. Bg2 Be7 8. O-O
O-O 9. Re1 d6 10. Be3 Bd7 11. a4 Nc6 12. Nxc6 Bxc6 13. a5 Rac8 14. Qe2 Nd7 15.
Red1 e5 16. Bh3 Rce8 17. Nd5 Bxd5 18. Rxd5 Nf6 19. Bb6 Qc6 20. Rdd1 Nxe4 21.
Bg2 f5 22. Re1 d5 23. c4 dxc4 24. Bxe4 fxe4 25. Qxe4 Bd8 26. Qxc6 bxc6 27. Bc5
Rf5 28. Re4 Rf3 29. Rxc4 Rb3 1/2-1/2

[Event "XVII Weekend Citta' di Firenze A"]
[Site "Firenze ITA"]
[Date "2009.12.06"]
[Round "1"]
[White "Nones, Giorgio"]
[Black "Caprino, Marco"]
[Result "0-1"]
[WhiteElo "2053"]
[BlackElo "1888"]
[PlyCount "90"]
[EventDate "2009.12.06"]

1. e4 c5 2. Nf3 g6 3. d4 cxd4 4. Nxd4 Bg7 5. Nc3 Nc6 6. Be3 Nf6 7. f3 O-O 8.
Qd2 d5 9. O-O-O dxe4 10. Nxc6 Qxd2+ 11. Rxd2 bxc6 12. Nxe4 Nxe4 13. fxe4 Rb8
14. c3 Be6 15. a3 Rb3 16. Be2 Bxc3 17. Rd3 Bxb2+ 18. Kc2 Rxd3 19. Bxd3 Bxa3 20.
Ra1 Bd6 21. Rxa7 Kg7 22. Bd4+ f6 23. g3 Kf7 24. Ra6 c5 25. Bc3 c4 26. Be2 Rc8
27. Bf3 h5 28. Bd4 Bg4 29. Bxg4 hxg4 30. Kc3 Bc5 31. Bxc5 Rxc5 32. Ra2 Rc6 33.
Kd4 Ke6 34. Rc2 c3 35. Rxc3 Rxc3 36. Kxc3 Ke5 37. Kd3 e6 38. Ke3 f5 39. exf5
gxf5 40. Kd3 Kd5 41. Ke3 Kc4 42. Ke2 Kd4 43. Kd2 Ke4 44. Ke2 e5 45. Kf2 Kd3 0-1

[Event "XVII Weekend Citta' di Firenze A"]
[Site "Firenze ITA"]
[Date "2009.12.06"]
[Round "1"]
[White "Onesti, Luca"]
[Black "Gori, Marco"]
[Result "0-1"]
[WhiteElo "1983"]
[BlackElo "1881"]
[PlyCount "67"]
[EventDate "2009.12.06"]

1. e4 c6 2. d4 d5 3. e5 Bf5 4. c3 e6 5. Bd3 Bxd3 6. Qxd3 Ne7 7. Ne2 Qb6 8. Na3
Ng6 9. Rb1 Qa6 10. Qxa6 Nxa6 11. b4 b5 12. Nc2 Nc7 13. O-O Be7 14. f4 O-O 15.
g4 f5 16. gxf5 exf5 17. Ne1 a5 18. Rb2 axb4 19. cxb4 Ne6 20. Nd3 Ra3 21. Rd2
Ra6 22. a3 Rc8 23. Bb2 Ngf8 24. Kh1 Nd7 25. Ng3 g6 26. Rg2 Kf7 27. Rfg1 Nb6 28.
h4 Nc4 29. h5 Nxb2 30. hxg6+ hxg6 31. Nc5 Rh8+ 32. Rh2 Rxh2+ 33. Kxh2 Nxc5 34.
dxc5 0-1

[Event "XVII Weekend Citta' di Firenze A"]
[Site "Firenze ITA"]
[Date "2009.12.06"]
[Round "1"]
[White "Tocchioni, Doriano"]
[Black "Guglielmi, Dante"]
[Result "1-0"]
[WhiteElo "2290"]
[BlackElo "1918"]
[PlyCount "63"]
[EventDate "2009.12.06"]

1. d4 d5 2. Nf3 Nf6 3. g3 e6 4. Bg2 Bd6 5. c4 c6 6. O-O Nbd7 7. Nc3 O-O 8. c5
Bc7 9. Bf4 Re8 10. Re1 e5 11. dxe5 Nxe5 12. Nxe5 Bxe5 13. Bxe5 Rxe5 14. e4 Bg4
15. Qd4 Qe8 16. f4 Re7 17. e5 h6 18. h3 Bf5 19. g4 Bh7 20. Re2 Nd7 21. Bxd5
cxd5 22. Nxd5 Nf8 23. Nxe7+ Qxe7 24. f5 Rd8 25. Qe3 Rd5 26. Rc1 Nd7 27. c6 bxc6
28. Rxc6 Nb6 29. e6 Rd8 30. exf7+ Qxf7 31. Re6 Rd7 32. Re8+ 1-0

[Event "XVII Weekend Citta' di Firenze A"]
[Site "Firenze ITA"]
[Date "2009.12.06"]
[Round "1"]
[White "Tocchioni, Maurizio"]
[Black "Lorenzetti, Giacomo"]
[Result "1/2-1/2"]
[WhiteElo "1939"]
[BlackElo "1825"]
[PlyCount "74"]
[EventDate "2009.12.06"]

1. d4 d5 2. Nf3 c6 3. Bf4 Nf6 4. e3 Bf5 5. Bd3 Bxd3 6. Qxd3 e6 7. Nbd2 Nbd7 8.
h3 Be7 9. O-O O-O 10. c3 c5 11. Rfe1 c4 12. Qc2 h6 13. Kh1 b5 14. g4 Nh7 15.
Bg3 a5 16. Rg1 Nb6 17. Ne5 Rc8 18. f4 b4 19. Ndf3 Nd7 20. h4 Nxe5 21. fxe5 bxc3
22. bxc3 Rb8 23. Qg2 a4 24. g5 hxg5 25. Bf4 Kh8 26. hxg5 g6 27. Raf1 a3 28. Rf2
Rg8 29. Qh3 Rg7 30. Nh2 Rb7 31. Ng4 Qb8 32. Nf6 Rb2 33. Rgg2 Rb1+ 34. Kh2 Rb2
35. Kg3 Rxf2 36. Rxf2 Qb1 37. Rh2 Qg1+ 1/2-1/2

[Event "XVII Weekend Citta' di Firenze A"]
[Site "Firenze ITA"]
[Date "2009.12.06"]
[Round "2"]
[White "Aleksic, Nenad"]
[Black "Annoni, Riccardo"]
[Result "1-0"]
[WhiteElo "2373"]
[BlackElo "2081"]
[PlyCount "81"]
[EventDate "2009.12.06"]

1. e4 c5 2. Nf3 e6 3. Nc3 Nc6 4. d4 cxd4 5. Nxd4 Nf6 6. Ndb5 Bb4 7. a3 Bxc3+ 8.
Nxc3 d5 9. Bd3 dxe4 10. Nxe4 Nxe4 11. Bxe4 Qxd1+ 12. Kxd1 f5 13. Bd3 Ne5 14.
Bxf5 exf5 15. Re1 Kf7 16. Rxe5 Bd7 17. Be3 Rhe8 18. Rxe8 Bxe8 19. c4 Bc6 20. f3
a6 21. Rc1 g5 22. Ke2 f4 23. Bd2 Re8+ 24. Kf2 h5 25. h4 Rd8 26. Rc2 Ba4 27. b3
Bxb3 28. Rb2 Bxc4 29. hxg5 b5 30. Bxf4 Rd3 31. a4 bxa4 32. Rb6 a3 33. g6+ Ke8
34. g7 a2 35. Rxa6 Bg8 36. Be5 Ke7 37. Kg3 Rd2 38. Bf6+ Kf7 39. Bc3 Rc2 40. Ba1
Ke7 41. Ra8 1-0